000 00579nam a2200181Ia 4500
008 100921s9999 xx 000 0 und d
082 _b16593
_a891.433 थ 78
100 _a---
245 _aफेन्स के इधर उधर.
260 _b---
_c1978
300 _a142
_b---
365 _b12
520 _aललित -हिंदी-कथा,कादं.
630 _aफेन्स के इधर उधर.
650 _aललित -हिंदी-कथा,कादं.
730 _aफेन्स के इधर उधर.
942 _cBOOK
999 _c765706
_d765703